| 000 | 00773cam a22002531 4500 | ||
|---|---|---|---|
| 001 | 3646 | ||
| 003 | BD-RjUL | ||
| 005 | 20211208233750.0 | ||
| 008 | 131219s1966 enk b 001 0 eng | ||
| 035 | _a(BD-RjUL)3680 | ||
| 035 | _a(OCoLC)245393 | ||
| 040 |
_aDLC _cODaWU _dOCoLC _dUk _dOCoLC _dBD-RjUL _beng |
||
| 041 | _aeng | ||
| 082 |
_a332.401 _bEIP |
||
| 100 | 1 |
_aEinzig, Paul _d1897-1973. _911562 |
|
| 245 | 1 | 0 |
_aPrimitive money : _bin its ethnological, historical, and economic aspects / _cPaul Einzig |
| 250 | _a2d ed., rev. and enl. | ||
| 260 |
_aOxford ; _aNew York : _bPergamon Press, _c1966. |
||
| 300 |
_axvii, 557 p. ; _c23 cm. |
||
| 504 | _aIncludes bibliography and index. | ||
| 650 | 0 |
_aMoney _xOrigin. _911563 |
|
| 942 |
_2ddc _cBK |
||
| 999 |
_c3646 _d3646 |
||